000 00678nam a2200241 i 4500
001 C2-0136072
003 PPAK
005 20180727124058.0
008 971206s1985 enk |||| ||||| | eng d
020 _a0193113333
040 _aPPAK
_beng
_cPPAK
_erda
082 0 4 _a780.321
_223
090 0 0 _a780.321
_bKEN
_dR
100 1 _aKennedy, Michael,
_eauthor
245 1 4 _aThe Oxford dictionary of music
264 1 _aOxford :
_bOxford University Press ,
_c1985
300 _a810 pages ;
_c24 cm
336 _2rdacontent
_atext
337 _2rdamedia
_aunmediated
338 _2rdacarrier
_avolume
650 1 0 _aMusic - Dictionaries ; Music - Bio-bibliography
942 _ddc
_cB
999 _c42759
_d42759